गांधी और अकथनीय: सत्य के साथ उनका अन्तिम प्रयोग (Record no. 8220)

MARC details
000 -LEADER
fixed length control field 00635nam a2200169Ia 4500
008 - FIXED-LENGTH DATA ELEMENTS--GENERAL INFORMATION
fixed length control field 230917s9999||||xx |||||||||||||| ||und||
020 ## - ISBN
Price RS 695.00
040 ## - CATALOGING SOURCE
-- 5016495
Original cataloging agency VIVEKANANDA LIBRARY
041 ## - Language
-- English
082 ## - DDC NUMBER
Classification number 891.433721 DJ745G
100 ## - MAIN ENTRY--PERSONAL NAME
Personal name डँगलँस, जेम्स डब्ल्यू
245 #0 - TITLE STATEMENT
Title गांधी और अकथनीय: सत्य के साथ उनका अन्तिम प्रयोग
260 ## - PUBLICATION, DISTRIBUTION, ETC. (IMPRINT)
Place of publication, distribution, etc नई दिल्ली
Name of publisher, distributor, etc राजकमल प्रकाशन
Date of publication, distribution, etc 2022
300 ## - PHYSICAL DESCRIPTION
Pages 213 p.
500 ## - GENERAL NOTE
General note 4976 03/01/2023 RKP23/10416 18/01/2023 Main Budget
942 ## - ADDED ENTRY ELEMENTS (KOHA)
Koha item type Books
Holdings
Withdrawn status Lost status Damaged status Not for loan Location (home branch) Sublocation or collection (holding branch) Date acquired Koha issues (times borrowed) Koha full call number Accession No. Koha date last seen Koha item type
        VIVEKANANDA LIBRARY VIVEKANANDA LIBRARY 25/02/2023   891.433721 DJ745G 402910 17/09/2023 Books
© Designed and Maintained by Vivekananda Library, MDU Rohtak